Вазоренална хипертония (Запис номер 181137)
[ съкратено ]
| 000 -Лидер | |
|---|---|
| Контролно поле с фиксирана дължина | 01676nam a2200313 c 4500 |
| 003 - Код на организацията, давaща контролен номер | |
| Контролно поле | BLK |
| 005 - Дата и час на последна редакция | |
| Контролно поле | 20180422115131.0 |
| 008 - Елементи от данни с фиксирана дължина | |
| fixed length control field | 180411b bul|||||r ||||||| ||bul|| |
| 010 ## - Наследен системен номер | |
| LC control number | KNG00190030000 |
| 040 ## - Източник на каталожния запис | |
| Идентификатор на билиотеката - собственик на записа | BLK |
| 041 ## - Код за език | |
| Код за езика на текст/звукозапис или на отделно заглавие | Български |
| Код за езика КДБФ | Български |
| 080 ## - УДК | |
| Текстов определител УДК | Разстройства на кръвното налягане - Хипертония(високо кръвно налягане), хипотония(ниско кръвно налягане) |
| УДК код - определител по УДК | 616.12-008.33 |
| УДК определител | |
| УДК - код + определител | 616.12-008.33 |
| 080 ## - УДК | |
| Текстов определител УДК | Болести на бъбреците и пикочопроводите. Нефропатии - Нефрит, уретрит, туберкулоза на бъбреците, нефросклероза, гломерулонефрит, пиелонефрит, хидронефроза, перинефрит и др. |
| УДК код - определител по УДК | 616.61 |
| УДК определител | |
| УДК - код + определител | 616.61 |
| 139 ## - Редно поле | |
| Редна дума | Василев, Тончо |
| Авторски знак | Васи - В 24 |
| 245 10 - Сведения за заглавието | |
| Заглавие | Вазоренална хипертония |
| Подзаглавни данни | Моногр. |
| Редно поле (дума) | Тончо Василев. |
| 257 ## - Страна на издаване | |
| Страна на създаване/издаване | България |
| 260 ## - Област на издателските данни | |
| -- | София |
| Име на издателя, разпространителя и проч. | Медицина и физкултура |
| Година на издаване | 1989 |
| 300 ## - Физическа характеристика | |
| Страници | 195 с. |
| Илюстрации и др. | с ил., диагр., табл. |
| Размери/Мащаб | 22 см |
| 380 ## - Жанр | |
| Жанр | Медицина |
| 500 ## - Общи забележки | |
| Забележка | Пълното име на авт. е Тончо Василев Йовчев. - 1. изд. 1977. - 3 909 тир. - Библиогр. с. 171-187 - Рез. на рус., англ. |
| 650 #4 - Допълнително описание по предмет – тема | |
| Основно описание – тема или топоним | Хипертонична болест |
| 9 (RLIN) | 286373 |
| 653 ## - Ключова дума – ненормативна | |
| Ключова дума | хипертония |
| 700 1# - Други автори (авторска отговорност) | |
| Лично име | Василев, Тончо |
| 9 (RLIN) | 368254 |
| 852 ## - Местоположение | |
| Форматна сигнатура | Цб 160283 |
| 856 4# - Електронен адрес и достъп | |
| Електронен формат | pdf - файл |
| Път до файла /url/ | |
| 856 4# - Електронен адрес и достъп | |
| Електронен формат | pdf - файл |
| Път до файла /url/ | |
| 942 ## - АРТИКУЛИ | |
| Вид на библиотечния материал | Книги |
| Скрит в OPAC | Не |
| 944 ## - СЪЗДАВАНЕ И РЕДАКЦИЯ на ЗАПИСА | |
| Създаване/Редакция | Създаване |
| Дата на регистрацията/редакция | 22.08.2016 |
| Служител, извършил регистрацията/редакцията | Камелия_Данева |
| 944 ## - СЪЗДАВАНЕ И РЕДАКЦИЯ на ЗАПИСА | |
| Създаване/Редакция | Редакция |
| Дата на регистрацията/редакция | 22.08.2016 |
| Служител, извършил регистрацията/редакцията | Камелия_Данева |
| 999 ## - СИСТЕМНИ КОНТРОЛНИ НОМЕРА | |
| Koha biblionumber | 181137 |
| Koha biblioitemnumber | 181137 |
| Код за отписване | Код за изгубен артикул | Източник на класификационната схема | Код за повреда | Коз за рестрикции | Код за отдаване | Артикулен № | Име на библиотеката - собственик | Име на библиотеката, в която се намира в момента | Статус (Текущо местоположение) | Дата на вписване в системата | Местоположение - отдел | Цена в лева | Инвентарен номер | Систематично азбучна сигнатура | Баркод | Номер на екземпляра | Цена в евро | Служебна бележка | Служебен тип на артикула |
|---|---|---|---|---|---|---|---|---|---|---|---|---|---|---|---|---|---|---|---|
| Не е изгубен | Universal Decimal Classification | Не е повреден | без рестрикции | ползва се в читалня | 310239 | Регионална библиотека "Любен Каравелов" Русе | Регионална библиотека "Любен Каравелов" Русе | Хранилище | 1989-01-01 | Хранилище | 2.37 | 526014 | Цб 160283 | 120000526014 | 1 | 1.21 | N: стар фонд Дата: 01.01.1989 | Книги | |
| Изтеглен | Не е изгубен | Universal Decimal Classification | Не е повреден | без рестрикции | заемане за дома | 310240 | Регионална библиотека "Любен Каравелов" Русе | Регионална библиотека "Любен Каравелов" Русе | Заемна - подръчен фонд | 1989-01-01 | Заемна - подръчен фонд | 2.73 | 629723 | П 616.12/В 24 | 629723 | 2 | 1.40 | N: стар фонд Дата: 01.01.1989 | Книги |